[Event "Oberfranken-ch"]
[Site "Kronach"]
[Date "2023.02.25"]
[Round "6"]
[White "Geisensetter, Franz"]
[Black "Wunder, Horst"]
[Result "1/2-1/2"]
[WhiteElo "1972"]
[BlackElo "2112"]
[PlyCount "41"]
[EventDate "2023.02.23"]
[EventType "swiss"]
[EventRounds "7"]
[EventCountry "GER"]
[SourceTitle "CBM 213 Extra"]
[Source "ChessBase"]
[SourceDate "2023.05.31"]
[SourceVersion "1"]
[SourceVersionDate "2023.05.31"]
[SourceQuality "1"]

1. e4 c5 2. Nf3 e6 3. d4 cxd4 4. Nxd4 Qb6 5. Nb3 Nf6 6. Bd3 d6 7. 0-0 Nbd7 8. Be3 Qc7 9. Nc3 a6 10. Qe2 Be7 11. f3 0-0 12. Qf2 b5 13. Rfd1 Bb7 14. a3 Rfc8 15. Rac1 Bd8 16. Kh1 Qb8 17. Nd4 Bc7 18. Nde2 Ne5 19. Bg5 Nfd7 20. f4 Ng6 21. f5 1/2-1/2

[Event "Oberfranken-ch"]
[Site "Kronach"]
[Date "2023.02.24"]
[Round "3"]
[White "Benner, Viktor"]
[Black "Wunder, Horst"]
[Result "1/2-1/2"]
[WhiteElo "2017"]
[BlackElo "2112"]
[PlyCount "98"]
[EventDate "2023.02.23"]
[EventType "swiss"]
[EventRounds "7"]
[EventCountry "GER"]
[SourceTitle "CBM 213 Extra"]
[Source "ChessBase"]
[SourceDate "2023.05.31"]
[SourceVersion "1"]
[SourceVersionDate "2023.05.31"]
[SourceQuality "1"]

1. Nf3 b6 2. d4 Bb7 3. c4 e6 4. Nc3 Ne7 5. e4 g6 6. Be3 Bg7 7. Qd2 h6 8. Bd3 d6 9. 0-0 Nd7 10. a4 a5 11. Nb5 Nf6 12. Nc3 g5 13. Rfd1 0-0 14. h4 g4 15. Ne1 h5 16. g3 Nh7 17. Ng2 Ng6 18. Ne2 e5 19. d5 Bc8 20. Nc3 f5 21. exf5 Bxf5 22. Ne4 Qd7 23. b3 Qf7 24. Rac1 Ne7 25. Nc3 Bxd3 26. Qxd3 Nf5 27. Nb5 Rae8 28. Qc2 Re7 29. Nc3 Qg6 30. Rf1 Ref7 31. Nb5 Nf6 32. Bg5 Ne8 33. Ne3 Kh7 34. Nxf5 Rxf5 35. Be3 R8f7 36. Qd2 Bh6 37. Bxh6 Qxh6 38. Qxh6+ Kxh6 39. Rce1 Rf3 40. Re3 Kg6 41. Kg2 Ng7 42. Rxf3 Rxf3 43. Rb1 Ne8 44. b4 axb4 45. Rxb4 Kf6 46. Na7 Ke7 47. a5 bxa5 48. Nc6+ Kf7 49. Nxa5 Ke7 1/2-1/2

[Event "Oberfranken-ch"]
[Site "Schney"]
[Date "2020.01.04"]
[Round "3"]
[White "Orendt, Robert"]
[Black "Wunder, Horst"]
[Result "0-1"]
[WhiteElo "1647"]
[BlackElo "2104"]
[PlyCount "32"]
[EventDate "2020.01.03"]
[EventType "swiss"]
[EventRounds "7"]
[EventCountry "GER"]
[SourceTitle "CBM 194 Extra"]
[Source "ChessBase"]
[SourceDate "2020.03.31"]
[SourceVersion "1"]
[SourceVersionDate "2020.03.31"]
[SourceQuality "1"]

1. d4 b6 2. e4 e6 3. Nf3 Bb7 4. Bd3 Ne7 5. 0-0 g6 6. c3 Bg7 7. Bg5 d6 8. Nbd2 Nd7 9. Qe2 a5 10. a4 0-0 11. Nc4 Re8 12. Ncd2 Nf6 13. e5 Nfd5 14. Nc4 h6 15. Bd2 Nf5 16. Ne3 Nf4 0-1

[Event "Regionalliga NW 1112"]
[Site "Bayern"]
[Date "2012.04.15"]
[Round "9.1"]
[White "Kuenstler, Christian"]
[Black "Wunder, Horst"]
[Result "1/2-1/2"]
[WhiteElo "2082"]
[BlackElo "2104"]
[PlyCount "45"]
[EventDate "2011.10.02"]
[EventType "team-tourn"]
[EventRounds "9"]
[EventCountry "GER"]
[SourceTitle "EXT 2015"]
[Source "ChessBase"]
[SourceDate "2014.11.20"]
[SourceVersion "1"]
[SourceVersionDate "2014.11.20"]
[SourceQuality "1"]
[WhiteTeam "Mainaschaff"]
[BlackTeam "Nordhalben"]
[WhiteTeamCountry "GER"]
[BlackTeamCountry "GER"]

1. d4 b6 2. e4 Bb7 3. Bd3 e6 4. Nf3 Nf6 5. Qe2 c5 6. c3 d6 7. 0-0 Be7 8. e5 dxe5 9. dxe5 Nfd7 10. Nbd2 Qc7 11. a4 0-0 12. Nc4 Rd8 13. Be4 Bxe4 14. Qxe4 Nc6 15. Re1 Nf8 16. Bf4 Ng6 17. Bg3 Rd7 18. h4 Nf8 19. h5 h6 20. Bf4 Rad8 21. Kh2 Nh7 22. Rg1 Nb8 23. Be3 1/2-1/2

[Event "Regionalliga NW 0910"]
[Site "Bayern"]
[Date "2010.02.07"]
[Round "6.1"]
[White "Wunder, Horst"]
[Black "Hofstetter, Hans Joachim"]
[Result "1/2-1/2"]
[WhiteElo "2132"]
[BlackElo "2112"]
[PlyCount "35"]
[EventDate "2009.10.18"]
[EventType "team-tourn"]
[EventRounds "9"]
[EventCountry "GER"]
[SourceTitle "EXT 2011"]
[Source "ChessBase"]
[SourceDate "2010.11.26"]
[SourceVersion "1"]
[SourceVersionDate "2010.11.26"]
[SourceQuality "1"]
[WhiteTeam "Nordhalben"]
[BlackTeam "Bad Neustadt"]
[WhiteTeamCountry "GER"]
[BlackTeamCountry "GER"]

1. Nf3 g6 2. g3 Bg7 3. d4 c5 4. Bg2 cxd4 5. Nxd4 Nc6 6. c3 Nf6 7. 0-0 d5 8. Nd2 0-0 9. N2f3 Re8 10. Bf4 Qb6 11. Qb3 Bg4 12. Qxb6 axb6 13. Nb5 Ra5 14. a4 Rea8 15. Nc7 Rc8 16. b4 Ra7 17. Nb5 Ra6 18. Nc7 1/2-1/2

[Event "Regionalliga NW 0910"]
[Site "Bayern"]
[Date "2009.11.29"]
[Round "3.1"]
[White "Wunder, Horst"]
[Black "Schindler, Viktor"]
[Result "0-1"]
[WhiteElo "2132"]
[BlackElo "2123"]
[PlyCount "80"]
[EventDate "2009.10.18"]
[EventType "team-tourn"]
[EventRounds "9"]
[EventCountry "GER"]
[SourceTitle "EXT 2011"]
[Source "ChessBase"]
[SourceDate "2010.11.26"]
[SourceVersion "1"]
[SourceVersionDate "2010.11.26"]
[SourceQuality "1"]
[WhiteTeam "Nordhalben"]
[BlackTeam "Hof"]
[WhiteTeamCountry "GER"]
[BlackTeamCountry "GER"]

1. Nf3 c5 2. c4 Nf6 3. Nc3 d5 4. cxd5 Nxd5 5. g3 g6 6. Bg2 Bg7 7. Qb3 Nc7 8. Ng5 0-0 9. d3 Nc6 10. 0-0 Nd4 11. Qd1 e5 12. Nge4 b6 13. Bg5 f6 14. Be3 Be6 15. f4 Nf5 16. Bd2 Qd4+ 17. Nf2 exf4 18. Bxf4 Rac8 19. Qc1 Qd7 20. Nfe4 g5 21. Bd2 h6 22. Nd1 Nd5 23. Nec3 Nb4 24. Nf2 Nd4 25. Qd1 f5 26. e3 Ndc6 27. Qa4 a6 28. Rad1 b5 29. Qa3 Ne5 30. Ne2 Nbxd3 31. Nxd3 Qxd3 32. Qxa6 Bc4 33. Rfe1 Rfd8 34. b3 Bf7 35. Ba5 Qxe3+ 36. Kh1 Nd3 37. Rxd3 Qxd3 38. Bxd8 Rxd8 39. Nc1 Qd2 40. Rf1 Bd5 0-1

[Event "Regionalliga NW 0607"]
[Site "Bayern"]
[Date "2006.11.19"]
[Round "3.1"]
[White "Kannenberg, Karl Heinz"]
[Black "Wunder, Horst"]
[Result "0-1"]
[WhiteElo "2143"]
[BlackElo "2086"]
[PlyCount "54"]
[EventDate "2006.10.15"]
[EventType "team-tourn"]
[EventRounds "9"]
[EventCountry "GER"]
[SourceTitle "EXT 2008"]
[Source "ChessBase"]
[SourceDate "2007.11.25"]
[SourceVersion "1"]
[SourceVersionDate "2007.11.25"]
[SourceQuality "1"]
[WhiteTeam "Kitzingen"]
[BlackTeam "Nordhalben"]
[WhiteTeamCountry "GER"]
[BlackTeamCountry "GER"]

1. d4 b6 2. Nd2 Bb7 3. e4 e6 4. Ngf3 c5 5. c3 cxd4 6. cxd4 Nf6 7. Bd3 Be7 8. 0-0 d6 9. Re1 0-0 10. Nf1 Nbd7 11. Ng3 Qc7 12. Bg5 Rac8 13. Qd2 Rfe8 14. Qf4 a6 15. Rac1 Qb8 16. e5 dxe5 17. dxe5 Nd5 18. Qh4 h6 19. Rxc8 Qxc8 20. Bxe7 Nxe7 21. Nh5 Bxf3 22. gxf3 Qb7 23. Be4 Qc7 24. Nf6+ gxf6 25. exf6 Ng6 26. Qxh6 Nxf6 27. Rc1 Qf4 0-1

[Event "Regionalliga NW 0506"]
[Site "Bayern"]
[Date "2006.01.15"]
[Round "5.1"]
[White "Braeutigam, Thomas"]
[Black "Wunder, Horst"]
[Result "1-0"]
[WhiteElo "2086"]
[BlackElo "2115"]
[PlyCount "115"]
[EventDate "2005.10.23"]
[EventType "team-tourn"]
[EventRounds "9"]
[EventCountry "GER"]
[SourceTitle "EXT 2007"]
[Source "ChessBase"]
[SourceDate "2006.11.23"]
[SourceVersion "1"]
[SourceVersionDate "2006.11.23"]
[SourceQuality "1"]

1. d4 b6 2. c4 Bb7 3. Nc3 e6 4. a3 f5 5. Nf3 Nf6 6. g3 Be7 7. Bg2 0-0 8. 0-0 Qe8 9. d5 c6 10. dxe6 dxe6 11. Ng5 Qc8 12. Re1 h6 13. Nf3 c5 14. Nh4 Bxg2 15. Nxg2 Nc6 16. b3 Rd8 17. Qc2 Nd4 18. Qb2 Ng4 19. h3 Ne5 20. Be3 Nec6 21. Rad1 Bf6 22. Kf1 Qb7 23. Qb1 Rd7 24. Nb5 Rad8 25. Nxd4 Bxd4 26. Bxd4 Nxd4 27. Rd2 Nc6 28. Rxd7 Qxd7 29. Ne3 Qb7 30. Rd1 Nd4 31. Ng2 Qc7 32. Nf4 Kf7 33. e3 Nf3 34. Ke2 Ng5 35. Rxd8 Qxd8 36. Qd3 Qxd3+ 37. Nxd3 Nxh3 38. f4 g5 39. Ne5+ Ke8 40. Kf1 g4 41. a4 a6 42. a5 bxa5 43. Nd3 Kd7 44. Nxc5+ Kd6 45. Nb7+ Kc6 46. Nxa5+ Kc5 47. Nb7+ Kc6 48. Nd8+ Kd7 49. Nf7 h5 50. b4 Kc6 51. Nd8+ Kd7 52. Nb7 Kc6 53. Na5+ Kc7 54. Kg2 Kd6 55. Nb7+ Kc6 56. Nd8+ Kd7 57. Nf7 Kc7 58. Ng5 1-0

[Event "Regionalliga NW 0405"]
[Site "Bayern"]
[Date "2005.01.16"]
[Round "5.1"]
[White "Schindler, Viktor"]
[Black "Wunder, Horst"]
[Result "0-1"]
[WhiteElo "2142"]
[BlackElo "2043"]
[PlyCount "84"]
[EventDate "2004.10.24"]
[EventType "team-tourn"]
[EventRounds "9"]
[EventCountry "GER"]
[SourceTitle "EXT 2007"]
[Source "ChessBase"]
[SourceDate "2006.11.23"]
[SourceVersion "1"]
[SourceVersionDate "2006.11.23"]
[SourceQuality "1"]
[WhiteTeam "Hof"]
[BlackTeam "Nordhalben"]
[WhiteTeamCountry "GER"]
[BlackTeamCountry "GER"]

1. e4 c5 2. Nf3 e6 3. d4 cxd4 4. Nxd4 Qb6 5. Nb3 Qc7 6. Nc3 a6 7. Bd3 Nf6 8. 0-0 Be7 9. f4 d6 10. Qf3 Nc6 11. Bd2 b6 12. Rae1 Bb7 13. Qg3 g6 14. Qh3 h5 15. Kh1 b5 16. a4 b4 17. Nd1 Kf8 18. Ne3 Rd8 19. Nc4 d5 20. exd5 Rxd5 21. Ne5 Kg7 22. Bc4 Rxe5 23. fxe5 Nxe5 24. Bf4 Bd6 25. Bd3 Nxd3 26. Bxd6 Qxc2 27. Be5 Nxe5 28. Rxe5 Ng4 29. Qg3 Qxg2+ 30. Qxg2 Bxg2+ 31. Kxg2 Nxe5 32. Rd1 Rc8 33. Nd4 Nc4 34. Rb1 Rd8 35. Nb3 Rd3 36. Nc5 Rd2+ 37. Kg3 a5 38. b3 Ne3 39. Nb7 Nf5+ 40. Kf4 f6 41. Nxa5 g5+ 42. Kf3 g4+ 0-1

[Event "Regionalliga NW 0405"]
[Site "Bayern"]
[Date "2004.12.12"]
[Round "4.1"]
[White "Braeutigam, Thomas"]
[Black "Wunder, Horst"]
[Result "1/2-1/2"]
[WhiteElo "2093"]
[BlackElo "2043"]
[PlyCount "61"]
[EventDate "2004.10.24"]
[EventType "team-tourn"]
[EventRounds "9"]
[EventCountry "GER"]
[SourceTitle "EXT 2007"]
[Source "ChessBase"]
[SourceDate "2006.11.23"]
[SourceVersion "1"]
[SourceVersionDate "2006.11.23"]
[SourceQuality "1"]
[WhiteTeam "Wuerzburg II"]
[BlackTeam "Nordhalben"]
[WhiteTeamCountry "GER"]
[BlackTeamCountry "GER"]

1. d4 b6 2. e4 Bb7 3. Nc3 e6 4. Nf3 Nf6 5. Bd3 d6 6. Bg5 Be7 7. Qe2 Nbd7 8. 0-0 h6 9. Bf4 Nh7 10. Rad1 0-0 11. Rfe1 a6 12. Bg3 b5 13. a3 c5 14. dxc5 Nxc5 15. e5 d5 16. Nd4 Nxd3 17. Rxd3 Qb6 18. Kh1 Rac8 19. f4 Rc4 20. Bf2 Bc5 21. Red1 Rc8 22. Nb1 Bxd4 23. Bxd4 Qd8 24. c3 Nf8 25. Rf1 R4c6 26. Rh3 a5 27. Qh5 b4 28. axb4 axb4 29. Rg3 Ng6 30. f5 exf5 31. Qxf5 1/2-1/2